000 00881 a2200229 4500
005 20080825122249.0
008 080825t xxu||||| |||| 00| 0 eng d
010 _aENG-87117
020 _c225.00
_a812090012X
035 _aEN-70650
037 _bDBAD / PUB
082 _a515.35
100 _aKapoor, N.M.
245 _aA text book of different equations
_cby N.M. Kapoor
_bfor degree and post-graduate course
250 _a12th ed.
260 _aNew Delhi
_bPitambar Publishing
_c2007
270 _a888, East Park Road, Karol Bagh
_bNew Delhi
_e110 005
_msales@diamondpublication.com
300 _a847p.
_c25cm (pbk )
500 _aIncludes index
942 _adpl
_cEN
_k515.35 / KAP
_2ddc
_h515.35
_mKAP
999 _c6082
_d6082